Promotion of Scientific Temper (Record no. 6680)
[ view plain ]
| 000 -LEADER | |
|---|---|
| fixed length control field | 00617nam a2200241 a 4500 |
| 020 ## - INTERNATIONAL STANDARD BOOK NUMBER | |
| ISBN | |
| 082 00 - DEWEY DECIMAL CLASSIFICATION NUMBER | |
| Classification number | 201.65 |
| Author Cutter | KHA2 |
| 100 ## - MAIN ENTRY--AUTHOR NAME | |
| Author name | Khan, Ehsanullah |
| 245 ## - TITLE STATEMENT | |
| Title | Promotion of Scientific Temper |
| Sub title | Study of Science and Religion. |
| 260 ## - PUBLICATION, DISTRIBUTION, ETC. (IMPRINT) | |
| Place of publication | Delhi |
| Name of publisher | Bait Al Hikmat |
| Year of publication | 1984 |
| 300 ## - PHYSICAL DESCRIPTION | |
| Number of Pages | 74p |
| 500 ## - GENERAL NOTE | |
| General note | includes index and biblioraphy |
| 505 2# - FORMATTED CONTENTS NOTE | |
| Formatted contents note | References |
| 650 ## - SUBJECT ADDED ENTRY--TOPICAL TERM | |
| Topical Term | Religion and Science |
| 942 ## - ADDED ENTRY ELEMENTS (KOHA) | |
| Koha item type | Books |
| 700 1# - | |
| -- | Khan, Ehsanullah |
| Collection code | Home library | Current library | Date acquired | Cost, normal purchase price | Full call number | Accession Number | Koha item type |
|---|---|---|---|---|---|---|---|
| Henry Martyn Institute Library | Henry Martyn Institute Library | 04/06/2011 | 100.00 | 201.65 KHA2 | 012615 | Books |
